00819nam a2200241 a 4500001000500000005001700005020003700022040001300059050002000072082001200092100002400104245008100128260003500209300005600244505000600300520013700306521001800443521001800461650002300479650002200502650002200524700003100546175820250819160744.0 a0590419625 :c$2.50 ($3.50 Can.) aDLCcDLC00aPZ7.T3bTe 198900a[E]2201 aThaler, Miked1936-14aThe teacher from the black lagoon /cby Mike Thaler ; pictures by Jared Lee. aNew York :bScholastic,c1989. a31 unnumbered pages :bcolor illustrations ;c21 cm aH aOn the first day of school, a young boy expects only the worst when he discovers that his new teacher is the "monstrous" Mrs. Green. a490 bLexile aH bRaz-Plus 1aTeachersxFiction. 1aSchoolsxFiction. 1aHumorous stories.1 aLee, Jared D.eillustrator